[Event "Dortmund ABC Serie B-23"]
[Site "Dortmund"]
[Date "2005.06.10"]
[Round "11"]
[White "Werninghaus, Klaus Peter"]
[Black "Raszelenberg, Patrick"]
[Result "0-1"]
[WhiteElo "1460"]
[BlackElo "1547"]
[PlyCount "44"]
[EventDate "2005.04.15"]
[EventType "tourn"]
[EventRounds "11"]
[EventCountry "GER"]
[SourceTitle "EXT 2007"]
[Source "ChessBase"]
[SourceDate "2006.11.23"]
[SourceVersion "1"]
[SourceVersionDate "2006.11.23"]
[SourceQuality "1"]

1. c4 d6 2. Nc3 e5 3. e4 Nf6 4. d3 c6 5. Nf3 g6 6. Be2 Bg7 7. 0-0 0-0 8. b3 a5 9. Bb2 Na6 10. d4 exd4 11. Nxd4 Nc5 12. Bf3 Ne6 13. Nce2 Qe7 14. Re1 Ng5 15. Ng3 Nxf3+ 16. Qxf3 h5 17. Qe3 Ng4 18. Qd3 h4 19. Nf1 c5 20. Nf5 gxf5 21. Bxg7 Kxg7 22. exf5 Qf6 0-1

[Event "Dortmund ABC Serie B-23"]
[Site "Dortmund"]
[Date "2005.05.14"]
[Round "7"]
[White "Raskin, Vitaly"]
[Black "Raszelenberg, Patrick"]
[Result "0-1"]
[WhiteElo "1658"]
[BlackElo "1547"]
[PlyCount "78"]
[EventDate "2005.04.15"]
[EventType "tourn"]
[EventRounds "11"]
[EventCountry "GER"]
[SourceTitle "EXT 2007"]
[Source "ChessBase"]
[SourceDate "2006.11.23"]
[SourceVersion "1"]
[SourceVersionDate "2006.11.23"]
[SourceQuality "1"]

1. e4 c5 2. Nf3 d6 3. d4 cxd4 4. Nxd4 Nf6 5. Nc3 a6 6. Be2 e6 7. 0-0 b5 8. a3 Be7 9. Be3 Bb7 10. Bf3 Qc7 11. Qd2 Nbd7 12. Rad1 Rd8 13. Bg5 0-0 14. g3 Ne5 15. Bg2 Nc4 16. Qc1 h6 17. b3 hxg5 18. bxc4 Qxc4 19. Rd3 Qc7 20. Re1 Nd7 21. Nce2 g4 22. Nb3 Bf6 23. Nbd4 Ne5 24. Rb3 d5 25. f4 gxf3 26. Nxf3 Nxf3+ 27. Bxf3 dxe4 28. Bg2 Bd5 29. Rb1 Rc8 30. c3 Qb7 31. Qe3 Qe7 32. a4 bxa4 33. Bxe4 Bxe4 34. Qxe4 a3 35. Qa4 Bxc3 36. Nxc3 Rxc3 37. Ra1 Qc5+ 38. Kh1 Rc2 39. Rf1 Qd5+ 0-1

[Event "Dortmund ABC Serie B-23"]
[Site "Dortmund"]
[Date "2005.04.20"]
[Round "2"]
[White "Sonntag, Joachim"]
[Black "Raszelenberg, Patrick"]
[Result "1/2-1/2"]
[WhiteElo "1768"]
[BlackElo "1547"]
[PlyCount "56"]
[EventDate "2005.04.15"]
[EventType "tourn"]
[EventRounds "11"]
[EventCountry "GER"]
[SourceTitle "EXT 2007"]
[Source "ChessBase"]
[SourceDate "2006.11.23"]
[SourceVersion "1"]
[SourceVersionDate "2006.11.23"]
[SourceQuality "1"]

1. e4 c5 2. Nf3 d6 3. d4 cxd4 4. Nxd4 Nf6 5. Nc3 a6 6. Bg5 e6 7. Be2 Be7 8. Qd2 b5 9. a3 Bb7 10. f3 Nbd7 11. 0-0 0-0 12. Rfe1 h6 13. Be3 Qc7 14. Rad1 Rad8 15. Bf4 Ne5 16. Bg3 Nc4 17. Bxc4 Qxc4 18. Qd3 Qc7 19. Kh1 Nh5 20. f4 e5 21. fxe5 dxe5 22. Qf3 Nxg3+ 23. Qxg3 Bg5 24. Nf5 g6 25. Ne3 Bf4 26. Qf2 Qc5 27. Ng4 Qc8 28. Nd5 Qe6 1/2-1/2

[Event "Dortmund-ch"]
[Site "Dortmund"]
[Date "2005.03.15"]
[Round "8"]
[White "Ziemek, Gerhard"]
[Black "Raszelenberg, Patrick"]
[Result "1-0"]
[WhiteElo "1694"]
[BlackElo "1585"]
[PlyCount "65"]
[EventDate "2005.02.28"]
[EventType "swiss"]
[EventRounds "9"]
[EventCountry "GER"]
[SourceTitle "CBM 105 Extra"]
[Source "ChessBase"]
[SourceDate "2005.05.01"]
[SourceVersion "1"]
[SourceVersionDate "2005.05.01"]
[SourceQuality "1"]

1. d4 Nf6 2. Nc3 d6 3. e4 g6 4. f4 Bg7 5. Nf3 Bg4 6. Be2 0-0 7. 0-0 c6 8. e5 Ne8 9. Be3 e6 10. Qe1 dxe5 11. dxe5 Nc7 12. Ne4 Nd5 13. Bc5 Nxf4 14. Bxf8 Nxe2+ 15. Qxe2 Kxf8 16. Nd6 Nd7 17. Nxf7 Qb6+ 18. Kh1 Bf5 19. Nd6 Qc7 20. Nxf5 gxf5 21. Rae1 Nc5 22. Qc4 Qe7 23. Nd4 Ke8 24. b4 Ne4 25. Nxe6 Bxe5 26. Rxf5 Nd6 27. Nc7+ Qxc7 28. Rfxe5+ Kf8 29. Qf4+ Qf7 30. Qh6+ Kg8 31. Qxd6 Rf8 32. Rg5+ Kh8 33. Qe5+ 1-0

[Event "Dortmund ABC Serie B-22"]
[Site "Dortmund"]
[Date "2004.11.17"]
[Round "9"]
[White "Wetterling, Detlev"]
[Black "Raszelenberg, Patrick"]
[Result "1-0"]
[WhiteElo "1671"]
[BlackElo "1669"]
[PlyCount "91"]
[EventDate "2004.10.07"]
[EventType "tourn"]
[EventRounds "13"]
[EventCountry "GER"]
[SourceTitle "EXT 2006"]
[Source "ChessBase"]
[SourceDate "2005.11.24"]
[SourceVersion "1"]
[SourceVersionDate "2005.11.24"]
[SourceQuality "1"]

1. Nc3 c5 2. e4 d6 3. f4 e6 4. Nf3 a6 5. a4 Nf6 6. g3 Be7 7. Bg2 Nc6 8. d3 Qb6 9. b3 0-0 10. Bd2 Nd4 11. a5 Qa7 12. h3 Bd7 13. Be3 Rad8 14. Na4 Bc6 15. Nb6 Nxf3+ 16. Bxf3 Nd7 17. Nc4 b5 18. axb6 Nxb6 19. Na5 Ba8 20. b4 d5 21. bxc5 dxe4 22. cxb6 Bb4+ 23. Kf2 Qb8 24. b7 exf3 25. bxa8Q Qxa8 26. Qxf3 Rd5 27. Nc4 Qc6 28. Ra2 Re8 29. Ne5 Qc3 30. Rxa6 Ba3 31. Rc6 Qb4 32. Rd1 f6 33. Rc4 Qb7 34. Nc6 Rc8 35. Na5 Qa8 36. Rxc8+ Qxc8 37. Nc4 Bc5 38. Bxc5 Qxc5+ 39. Qe3 Rd4 40. c3 Rxc4 41. dxc4 Qxc4 42. Qd4 Qb3 43. Rd2 h6 44. c4 e5 45. Qd5+ Kh7 46. Qe4+ 1-0

[Event "Dortmund ABC Serie B-22"]
[Site "Dortmund"]
[Date "2004.10.30"]
[Round "6"]
[White "Raszelenberg, Patrick"]
[Black "Schlagbaum, Christoph"]
[Result "0-1"]
[WhiteElo "1669"]
[BlackElo "1685"]
[PlyCount "108"]
[EventDate "2004.10.07"]
[EventType "tourn"]
[EventRounds "13"]
[EventCountry "GER"]
[SourceTitle "EXT 2006"]
[Source "ChessBase"]
[SourceDate "2005.11.24"]
[SourceVersion "1"]
[SourceVersionDate "2005.11.24"]
[SourceQuality "1"]

1. e4 d5 2. exd5 Qxd5 3. Nc3 Qa5 4. d4 Nf6 5. Bc4 Bf5 6. Nge2 e6 7. 0-0 Nbd7 8. Bd2 c6 9. Nf4 Bb4 10. Re1 0-0 11. a3 Bxc3 12. Bxc3 Qc7 13. Ne2 Rad8 14. Ng3 Bg6 15. Be2 Nb6 16. h4 Nbd5 17. h5 Nxc3 18. bxc3 Be4 19. Bf1 Qf4 20. Be2 Rd5 21. Nxe4 Nxe4 22. Bf3 f5 23. Re3 Rd6 24. Qd3 Nf6 25. Qe2 Re8 26. Re1 Kf7 27. g3 Qg5 28. Re5 g6 29. hxg6+ hxg6 30. Qc4 Nd5 31. Bg2 Qe7 32. Qd3 Nf6 33. c4 Ng4 34. R5e2 Qf6 35. c3 Rd7 36. f4 Rde7 37. d5 cxd5 38. cxd5 exd5 39. Bxd5+ Kf8 40. Bxb7 Rxe2 41. Rxe2 Rxe2 42. Qxe2 Qb6+ 43. Kg2 Qxb7+ 44. Kg1 Qb6+ 45. Kg2 Qc6+ 46. Kg1 Qc5+ 47. Kg2 Qxc3 48. a4 Qc6+ 49. Kg1 Qxa4 50. Qb2 Qd1+ 51. Kg2 Qd5+ 52. Kg1 Qc5+ 53. Kg2 Qc6+ 54. Kg1 Qb6+ 0-1

[Event "Dortmund ABC Serie B-22"]
[Site "Dortmund"]
[Date "2004.10.13"]
[Round "2"]
[White "Wiemann, Peter"]
[Black "Raszelenberg, Patrick"]
[Result "1/2-1/2"]
[WhiteElo "1555"]
[BlackElo "1669"]
[PlyCount "130"]
[EventDate "2004.10.07"]
[EventType "tourn"]
[EventRounds "13"]
[EventCountry "GER"]
[SourceTitle "EXT 2006"]
[Source "ChessBase"]
[SourceDate "2005.11.24"]
[SourceVersion "1"]
[SourceVersionDate "2005.11.24"]
[SourceQuality "1"]

1. e4 d6 2. Nf3 g6 3. d4 Nf6 4. Nc3 Bg7 5. h3 0-0 6. Be3 c6 7. Qd2 b5 8. a3 a5 9. Bd3 Nbd7 10. 0-0 e5 11. Rfe1 Bb7 12. dxe5 dxe5 13. Ne2 Qc7 14. Ng3 Rad8 15. Bh6 Ne8 16. Bxg7 Nxg7 17. Qh6 Ne6 18. Rad1 Ndc5 19. Bf1 f6 20. Qe3 Bc8 21. b4 axb4 22. axb4 Na4 23. c4 bxc4 24. Bxc4 Nb6 25. Bb3 Kg7 26. Ne2 h5 27. Rc1 Rd6 28. b5 Rfd8 29. Rxc6 Rxc6 30. bxc6 Qxc6 31. Rc1 Qb5 32. Bxe6 Bxe6 33. Rc5 Qb1+ 34. Rc1 Rd1+ 35. Rxd1 Qxd1+ 36. Kh2 Nc4 37. Qa7+ Bf7 38. Ng3 h4 39. Nxh4 Nd2 40. Qe3 Nf1+ 41. Nxf1 Qxf1 42. Qg3 g5 43. Nf5+ Kf8 44. h4 Be6 45. hxg5 Bxf5 46. exf5 fxg5 47. Qxg5 Qxf2 48. Qf6+ Kg8 49. Qxe5 Qh4+ 50. Kg1 Qg5 51. Kf2 Qd2+ 52. Kg3 Qg5+ 53. Kf3 Qh5+ 54. Kf2 Qf7 55. g4 Qa7+ 56. Kg3 Qg1+ 57. Kh4 Qc1 58. Qe8+ Kg7 59. Qg6+ Kf8 60. Qd6+ Kf7 61. Kh5 Qh1+ 62. Kg5 Qc1+ 63. Qf4 Qc6 64. f6 Qd5+ 65. Qf5 Qd2+ 1/2-1/2

[Event "Dortmund op-B"]
[Site "Dortmund"]
[Date "2004.07.25"]
[Round "3"]
[White "Raszelenberg, Patrick"]
[Black "Kaphle, Sebastian"]
[Result "0-1"]
[WhiteElo "1697"]
[BlackElo "1524"]
[PlyCount "30"]
[EventDate "2004.07.??"]
[EventType "swiss"]
[EventRounds "9"]
[EventCountry "GER"]
[SourceTitle "EXT 2006"]
[Source "ChessBase"]
[SourceDate "2005.11.24"]
[SourceVersion "1"]
[SourceVersionDate "2005.11.24"]
[SourceQuality "1"]

1. e4 e5 2. Nf3 Nc6 3. Bb5 a6 4. Bxc6 dxc6 5. h3 Bd6 6. 0-0 Ne7 7. d4 Ng6 8. c3 0-0 9. Re1 f5 10. dxe5 fxe4 11. Qb3+ Kh8 12. Ng5 Nxe5 13. Rxe4 Qf6 14. Rf4 Bf5 15. Ne4 Qg6 0-1

[Event "Dortmund op-B"]
[Site "Dortmund"]
[Date "2004.07.24"]
[Round "2"]
[White "Bastians, Felix"]
[Black "Raszelenberg, Patrick"]
[Result "1-0"]
[WhiteElo "1556"]
[BlackElo "1697"]
[PlyCount "81"]
[EventDate "2004.07.??"]
[EventType "swiss"]
[EventRounds "9"]
[EventCountry "GER"]
[SourceTitle "EXT 2006"]
[Source "ChessBase"]
[SourceDate "2005.11.24"]
[SourceVersion "1"]
[SourceVersionDate "2005.11.24"]
[SourceQuality "1"]

1. e4 d6 2. d4 Nf6 3. f3 g6 4. Be3 Bg7 5. Nc3 c6 6. Qd2 0-0 7. Bh6 Nbd7 8. Bxg7 Kxg7 9. 0-0-0 e5 10. dxe5 dxe5 11. g4 h5 12. g5 Ne8 13. Bh3 Nc7 14. Bxd7 Bxd7 15. Qxd7 Qxg5+ 16. Qd2 Qe7 17. Nge2 Rad8 18. Qe3 Ne6 19. Rxd8 Rxd8 20. Rd1 Rxd1+ 21. Nxd1 Qh4 22. Qf2 Qg5+ 23. Kb1 Qd2 24. Nec3 Qf4 25. Qg3 Qd2 26. Qxe5+ Kh7 27. Qg3 b5 28. a3 a5 29. Qf2 Qf4 30. Na2 c5 31. b4 axb4 32. axb4 cxb4 33. Nxb4 Qd6 34. Nd5 Nc5 35. Qd4 Kh6 36. Qh8+ Kg5 37. f4+ Kg4 38. Qd4 Kh3 39. Qf2 Nxe4 40. Qf3+ Kh4 41. Qxe4 1-0

[Event "Dortmund ABC Serie B-21"]
[Site "Dortmund"]
[Date "2004.05.14"]
[Round "5"]
[White "Raszelenberg, Patrick"]
[Black "Nettbohl, Werner"]
[Result "0-1"]
[WhiteElo "1768"]
[BlackElo "1564"]
[PlyCount "150"]
[EventDate "2004.04.??"]
[EventType "tourn"]
[EventRounds "12"]
[EventCountry "GER"]
[SourceTitle "EXT 2006"]
[Source "ChessBase"]
[SourceDate "2005.11.24"]
[SourceVersion "1"]
[SourceVersionDate "2005.11.24"]
[SourceQuality "1"]

1. e4 e5 2. Nf3 Nc6 3. Bb5 d6 4. h3 Nf6 5. Bxc6+ bxc6 6. 0-0 Be7 7. d4 exd4 8. Nxd4 Bb7 9. Nf5 0-0 10. Re1 Qd7 11. Nxe7+ Qxe7 12. Bg5 h6 13. Bh4 Rfe8 14. Nc3 Qe5 15. Bg3 Qg5 16. Qd3 Nh5 17. Bh2 Nf4 18. Qf3 Ne6 19. Rad1 Rab8 20. b3 Qc5 21. e5 d5 22. Qd3 Qe7 23. f4 Bc8 24. Kh1 Nc5 25. Qd4 Rb7 26. g4 Ne6 27. Qf2 Qb4 28. Qd2 Nc5 29. f5 Kh7 30. a3 Qxa3 31. Nxd5 cxd5 32. Qxd5 Rf8 33. Bg1 Rb5 34. Qc4 Bb7+ 35. Kh2 a6 36. e6 fxe6 37. fxe6 Nxe6 38. Rxe6 Rf3 39. Rde1 Bd5 40. Qe2 Qb4 41. Be3 Bxe6 42. Qxf3 Qxe1 43. Qe4+ Kh8 44. Qxe6 Qe2+ 45. Kg3 Rb8 46. Qe4 Rf8 47. c3 Qe1+ 48. Kg2 Rf2+ 49. Kg3 Re2+ 50. Kf3 Qh1+ 51. Kf4 g5+ 52. Kf5 Qxe4+ 53. Kxe4 Rh2 54. b4 Rxh3 55. Bd4+ Kh7 56. Be5 c6 57. Kf5 Re3 58. Ke6 Kg6 59. Kd6 Rxe5 60. Kxe5 h5 61. gxh5+ Kxh5 62. Kd6 g4 63. Kxc6 g3 64. Kb6 g2 65. c4 g1Q+ 66. Kxa6 Qg6+ 67. Kb5 Qe8+ 68. Kb6 Qb8+ 69. Ka5 Qc7+ 70. Kb5 Kg5 71. c5 Kf5 72. c6 Ke5 73. Kc5 Qa7+ 74. Kc4 Kd6 75. b5 Qc5+ 0-1

[Event "Dortmund ABC Serie B-21"]
[Site "Dortmund"]
[Date "2004.05.05"]
[Round "3"]
[White "Raszelenberg, Patrick"]
[Black "Voeller, Lothar"]
[Result "1-0"]
[WhiteElo "1768"]
[BlackElo "1612"]
[PlyCount "67"]
[EventDate "2004.04.??"]
[EventType "tourn"]
[EventRounds "12"]
[EventCountry "GER"]
[SourceTitle "EXT 2006"]
[Source "ChessBase"]
[SourceDate "2005.11.24"]
[SourceVersion "1"]
[SourceVersionDate "2005.11.24"]
[SourceQuality "1"]

1. d4 d5 2. c4 dxc4 3. e3 e5 4. Bxc4 Nf6 5. Nc3 exd4 6. exd4 Be7 7. h3 0-0 8. Nf3 a6 9. a3 b5 10. Bb3 Bb7 11. 0-0 c5 12. Re1 c4 13. Bc2 h6 14. Bf4 Nd5 15. Nxd5 Bxd5 16. Ne5 Nd7 17. Nxd7 Qxd7 18. Qh5 f5 19. Re5 Be4 20. Bxe4 fxe4 21. Rxe4 Bd6 22. Qd5+ Qf7 23. Qxf7+ Rxf7 24. Bxd6 Rc8 25. Bg3 c3 26. bxc3 Rxc3 27. d5 Rd7 28. d6 Kf7 29. Re3 Rc8 30. Rae1 Rcd8 31. Rf3+ Kg6 32. Re6+ Kh5 33. Rfe3 Kg5 34. R3e5# 1-0

[Event "Dortmund ABC Serie B-21"]
[Site "Dortmund"]
[Date "2004.04.28"]
[Round "2"]
[White "Becker, Peter"]
[Black "Raszelenberg, Patrick"]
[Result "1-0"]
[WhiteElo "1798"]
[BlackElo "1768"]
[PlyCount "53"]
[EventDate "2004.04.??"]
[EventType "tourn"]
[EventRounds "12"]
[EventCountry "GER"]
[SourceTitle "EXT 2006"]
[Source "ChessBase"]
[SourceDate "2005.11.24"]
[SourceVersion "1"]
[SourceVersionDate "2005.11.24"]
[SourceQuality "1"]

1. e4 c5 2. c3 d5 3. exd5 Qxd5 4. d4 Nc6 5. Nf3 Bg4 6. Be2 cxd4 7. cxd4 e6 8. 0-0 Bb4 9. Nc3 Bxc3 10. bxc3 Nf6 11. Ba3 b5 12. c4 bxc4 13. Qa4 c3 14. Bc4 Qd7 15. Ne5 Nxe5 16. Bb5 Qxb5 17. Qxb5+ Ned7 18. Qc6 Rd8 19. Rfe1 Ng8 20. f3 Bf5 21. g4 Ne7 22. Bxe7 Kxe7 23. gxf5 Rc8 24. Qa6 Rc7 25. fxe6 Nb8 26. exf7+ Kxf7 27. Qe6+ 1-0

[Event "Dortmund-ch"]
[Site "Dortmund"]
[Date "2004.03.19"]
[Round "9"]
[White "Raszelenberg, Patrick"]
[Black "Buechle, Manfred"]
[Result "1/2-1/2"]
[WhiteElo "1747"]
[BlackElo "1959"]
[PlyCount "116"]
[EventDate "2004.03.01"]
[EventType "swiss"]
[EventRounds "9"]
[EventCountry "GER"]
[SourceTitle "EXT 2006"]
[Source "ChessBase"]
[SourceDate "2005.11.24"]
[SourceVersion "1"]
[SourceVersionDate "2005.11.24"]
[SourceQuality "1"]

1. e4 c5 2. Nf3 d6 3. d4 cxd4 4. Nxd4 Nf6 5. Nc3 a6 6. Bc4 e6 7. Be3 Be7 8. f3 Nc6 9. Qd2 Qc7 10. Bb3 Bd7 11. 0-0-0 Na5 12. Bg5 Nxb3+ 13. Nxb3 Rc8 14. Kb1 b5 15. e5 dxe5 16. Bxf6 gxf6 17. Qh6 a5 18. Qg7 Rf8 19. Ne4 f5 20. Nf6+ Bxf6 21. Qxf6 a4 22. Nc1 Qxc2+ 23. Ka1 a3 24. Qxe5 axb2+ 25. Qxb2 Qxb2+ 26. Kxb2 Rg8 27. Rd2 Bc6 28. Nd3 Ke7 29. Nb4 Bb7 30. Re1 Rgd8 31. Rc2 Rxc2+ 32. Kxc2 f6 33. Re3 Rd4 34. Rc3 Kd6 35. Rd3 Kc5 36. a3 e5 37. Rc3+ Rc4 38. Kb3 e4 39. f4 Rxc3+ 40. Kxc3 e3 41. Nd3+ Kd5 42. Nb4+ Ke4 43. Nd3 Bd5 44. Nb4 e2 45. Kd2 Bc4 46. g3 Kf3 47. Nc2 Kg2 48. Ne3+ Kf2 49. Nc2 h5 50. Ne1 Kg1 51. Nf3+ Kg2 52. Nd4 Kxh2 53. Nxf5 Kg2 54. Ke1 Kf3 55. Ng7 h4 56. gxh4 Kxf4 57. Nh5+ Kf5 58. Ng3+ Kg4 1/2-1/2

[Event "Dortmund-ch"]
[Site "Dortmund"]
[Date "2004.03.15"]
[Round "7"]
[White "Raszelenberg, Patrick"]
[Black "Noori, Mir Ahmad"]
[Result "1-0"]
[WhiteElo "1747"]
[BlackElo "1553"]
[PlyCount "71"]
[EventDate "2004.03.01"]
[EventType "swiss"]
[EventRounds "9"]
[EventCountry "GER"]
[SourceTitle "EXT 2006"]
[Source "ChessBase"]
[SourceDate "2005.11.24"]
[SourceVersion "1"]
[SourceVersionDate "2005.11.24"]
[SourceQuality "1"]

1. e4 e6 2. Nf3 g6 3. d4 Bg7 4. Bd3 d6 5. 0-0 Ne7 6. c3 0-0 7. Bg5 Qd7 8. Qd2 a6 9. Bh6 b6 10. Bxg7 Kxg7 11. c4 c6 12. Nc3 d5 13. Ne5 Qd8 14. Ng4 Ng8 15. e5 Qh4 16. f3 h5 17. g3 Qe7 18. Nf2 Nh6 19. f4 Bb7 20. Na4 Nd7 21. b4 dxc4 22. Bc2 b5 23. Nc5 Nxc5 24. bxc5 Rad8 25. Ne4 Nf5 26. Nd6 Nxd6 27. cxd6 Qd7 28. Rf2 Rg8 29. Raf1 Rc8 30. f5 exf5 31. Bxf5 gxf5 32. Qg5+ Kf8 33. Qh6+ Rg7 34. Rxf5 c5 35. Rg5 f5 36. Qh8+ 1-0

[Event "Dortmund8"]
[Site "Dortmund"]
[Date "2003.11.18"]
[Round "11"]
[White "Raszelenberg, Patrick"]
[Black "Gerke, Dieter"]
[Result "1-0"]
[WhiteElo "1769"]
[BlackElo "1559"]
[PlyCount "65"]
[EventDate "2003.10.08"]
[EventType "tourn"]
[EventRounds "13"]
[EventCountry "GER"]
[SourceTitle "EXT 2007"]
[Source "ChessBase"]
[SourceDate "2006.11.23"]
[SourceVersion "1"]
[SourceVersionDate "2006.11.23"]
[SourceQuality "1"]

1. e4 c5 2. Nf3 e6 3. c3 Nc6 4. d4 cxd4 5. cxd4 Nf6 6. Bd3 Qb6 7. Bc2 Be7 8. 0-0 0-0 9. d5 exd5 10. exd5 Nb4 11. Bb3 Bc5 12. Nc3 d6 13. a3 Na6 14. Bc2 Qc7 15. h3 Bd7 16. Bg5 Nh5 17. Ne4 f5 18. Nxc5 Qxc5 19. Rc1 Qb6 20. Nd4 g6 21. b4 Ng7 22. Bb3 Rae8 23. Qd2 Re4 24. Ne6 Nxe6 25. dxe6 Bxe6 26. Bxe6+ Rxe6 27. Qd5 Rfe8 28. Rfe1 Kf7 29. Rxe6 Rxe6 30. Rc8 Nc7 31. Qc4 Nb5 32. Rf8+ Kxf8 33. Qxe6 1-0

[Event "Dortmund8"]
[Site "Dortmund"]
[Date "2003.10.25"]
[Round "6"]
[White "Volmer, Martin"]
[Black "Raszelenberg, Patrick"]
[Result "1-0"]
[WhiteElo "1732"]
[BlackElo "1769"]
[PlyCount "42"]
[EventDate "2003.10.08"]
[EventType "tourn"]
[EventRounds "13"]
[EventCountry "GER"]
[SourceTitle "EXT 2007"]
[Source "ChessBase"]
[SourceDate "2006.11.23"]
[SourceVersion "1"]
[SourceVersionDate "2006.11.23"]
[SourceQuality "1"]

1. d4 Nf6 2. c4 g6 3. Nc3 Bg7 4. e4 d6 5. f4 0-0 6. Nf3 e6 7. Be2 Nbd7 8. e5 Ne8 9. 0-0 a5 10. Be3 f6 11. exf6 Ndxf6 12. Ng5 h6 13. Nge4 Qe7 14. Qd2 c6 15. a3 e5 16. Nxf6+ Nxf6 17. fxe5 Ng4 18. Rxf8+ Qxf8 19. Rf1 Qe7 20. Bxg4 Bxg4 21. Bxh6 dxe5 1-0

[Event "Dortmund8"]
[Site "Dortmund"]
[Date "2003.10.22"]
[Round "5"]
[White "Raszelenberg, Patrick"]
[Black "Duschek, Guenter"]
[Result "1-0"]
[WhiteElo "1769"]
[BlackElo "1679"]
[PlyCount "146"]
[EventDate "2003.10.08"]
[EventType "tourn"]
[EventRounds "13"]
[EventCountry "GER"]
[SourceTitle "EXT 2007"]
[Source "ChessBase"]
[SourceDate "2006.11.23"]
[SourceVersion "1"]
[SourceVersionDate "2006.11.23"]
[SourceQuality "1"]

1. e4 d5 2. exd5 Qxd5 3. Nf3 c6 4. Be2 Bf5 5. 0-0 e6 6. d4 Nf6 7. c4 Qd8 8. Nc3 Be7 9. a3 0-0 10. b4 a6 11. h3 Ne4 12. Nxe4 Bxe4 13. c5 Bf6 14. Bf4 Bxf3 15. Bxf3 Qxd4 16. Qxd4 Bxd4 17. Rad1 e5 18. Bg5 Re8 19. Bg4 f6 20. Bf4 a5 21. Rfe1 Na6 22. Bd7 Red8 23. Be6+ Kf8 24. Bd2 axb4 25. axb4 Nc7 26. Bb3 Rd7 27. Be3 Rad8 28. Rb1 Bxe3 29. fxe3 Ke7 30. g4 h6 31. Bc2 Rd2 32. Bg6 Ra2 33. Ra1 Rdd2 34. Rxa2 Rxa2 35. Rd1 Nd5 36. e4 Ne3 37. Rd6 Nc4 38. Rd1 Rd2 39. Ra1 Rd8 40. Ra7 Rb8 41. Kf2 Kd8 42. Bf7 Nb2 43. Ke2 b5 44. Be6 Na4 45. Rxg7 Nc3+ 46. Kf3 Nb1 47. Kg3 Nc3 48. Bf5 Na2 49. Kh4 Nxb4 50. Kh5 Nd3 51. Kxh6 b4 52. Rd7+ Ke8 53. Rxd3 b3 54. Rd1 b2 55. Rb1 Kf7 56. Bg6+ Ke6 57. h4 Ke7 58. g5 fxg5 59. hxg5 Rb3 60. Bf5 Rb8 61. g6 Kf6 62. g7 Rg8 63. Rxb2 Rxg7 64. Rb8 Rg1 65. Kh7 Rh1+ 66. Kg8 Rc1 67. Rd8 Rxc5 68. Rc8 Kg5 69. Bd7 Kf4 70. Bxc6 Rxc6 71. Rxc6 Kxe4 72. Kf7 Kf4 73. Rc3 e4 1-0

[Event "Dortmund8"]
[Site "Dortmund"]
[Date "2003.10.17"]
[Round "4"]
[White "Krueger, Georg"]
[Black "Raszelenberg, Patrick"]
[Result "1-0"]
[WhiteElo "1739"]
[BlackElo "1769"]
[PlyCount "79"]
[EventDate "2003.10.08"]
[EventType "tourn"]
[EventRounds "13"]
[EventCountry "GER"]
[SourceTitle "EXT 2007"]
[Source "ChessBase"]
[SourceDate "2006.11.23"]
[SourceVersion "1"]
[SourceVersionDate "2006.11.23"]
[SourceQuality "1"]

1. e4 c5 2. Nf3 d6 3. c3 a6 4. h3 e6 5. d4 b6 6. Bd3 Bb7 7. 0-0 Qc7 8. Bf4 Nd7 9. Re1 Ngf6 10. Bh2 Be7 11. Nbd2 0-0 12. Rc1 Rad8 13. Qe2 h6 14. Bxa6 Ba8 15. Bd3 Bb7 16. a3 Nb8 17. c4 Nbd7 18. e5 Ne8 19. d5 exd5 20. e6 Ndf6 21. exf7+ Rxf7 22. Bg6 Ne4 23. Bxf7+ Kxf7 24. cxd5 N4f6 25. Qe6+ Kf8 26. Nh4 g5 27. Ng6+ Kg7 28. Qxe7+ Kxg6 29. Qxc7 Nxc7 30. Nc4 Nce8 31. Nxb6 Nxd5 32. Nxd5 Bxd5 33. Red1 Bb3 34. Rd2 h5 35. Rxc5 d5 36. Rd3 Bc4 37. Rxc4 dxc4 38. Rxd8 Nf6 39. Rd6 Kf5 40. Rc6 1-0

[Event "Dortmund8"]
[Site "Dortmund"]
[Date "2003.10.11"]
[Round "2"]
[White "Raszelenberg, Patrick"]
[Black "Voeller, Lothar"]
[Result "0-1"]
[WhiteElo "1769"]
[BlackElo "1590"]
[PlyCount "46"]
[EventDate "2003.10.08"]
[EventType "tourn"]
[EventRounds "13"]
[EventCountry "GER"]
[SourceTitle "EXT 2007"]
[Source "ChessBase"]
[SourceDate "2006.11.23"]
[SourceVersion "1"]
[SourceVersionDate "2006.11.23"]
[SourceQuality "1"]

1. e4 e5 2. Nf3 Nc6 3. Bb5 a6 4. Bxc6 dxc6 5. h3 f6 6. 0-0 Be6 7. d4 exd4 8. Nxd4 Qd6 9. Nxe6 Qxe6 10. Be3 Bd6 11. Nd2 0-0-0 12. Qe2 g5 13. f3 Ne7 14. Nc4 Ng6 15. Nxd6+ Rxd6 16. b4 Rg8 17. a4 Nf4 18. Qf2 Qc4 19. Bxf4 gxf4 20. Qa7 Qd4+ 21. Qxd4 Rxd4 22. b5 Rd2 23. c4 Rgxg2+ 0-1

[Event "Dortmund op-A"]
[Site "Dortmund"]
[Date "2003.08.04"]
[Round "4"]
[White "Kalla, Christian"]
[Black "Raszelenberg, Patrick"]
[Result "1/2-1/2"]
[WhiteElo "1890"]
[BlackElo "1769"]
[PlyCount "148"]
[EventDate "2003.08.01"]
[EventType "swiss"]
[EventRounds "9"]
[EventCountry "GER"]
[SourceTitle "CBM 095 Extra"]
[Source "ChessBase"]
[SourceDate "2003.09.04"]
[SourceVersion "1"]
[SourceVersionDate "2003.09.04"]
[SourceQuality "1"]

1. e4 c5 2. c3 a6 3. d4 b6 4. Bc4 e6 5. Nf3 d6 6. 0-0 Nf6 7. e5 Nd5 8. Bg5 Qc7 9. Nbd2 Bb7 10. Re1 dxe5 11. Nxe5 Bd6 12. Qh5 0-0 13. Ng4 f5 14. Ne5 Nd7 15. Nxd7 Qxd7 16. Nf3 b5 17. Bb3 c4 18. Bc2 Nf6 19. Bxf6 Rxf6 20. Ne5 Qc7 21. Qe2 Bd5 22. Rac1 Rd8 23. f4 Qb7 24. Qf2 Rdf8 25. g3 b4 26. Re3 Rb8 27. Bd1 bxc3 28. Rexc3 Bb4 29. Re3 Ba5 30. Nxc4 Bb4 31. Bf3 Rc8 32. b3 Rff8 33. Bxd5 exd5 34. Qf3 Qd7 35. a3 Bxa3 36. Ra1 dxc4 37. Rxa3 Qxd4 38. bxc4 Rfe8 39. Qd5+ Qxd5 40. cxd5 Rxe3 41. Rxe3 Rd8 42. Ra3 Rd6 43. Ra5 Kf7 44. Kf2 Ke7 45. Ke3 Rb6 46. Kd4 Kd6 47. Kc4 h6 48. h4 h5 49. Kc3 Rb1 50. Kd4 Rd1+ 51. Ke3 Rb1 52. Rxa6+ Kxd5 53. Rg6 Rb3+ 54. Kd2 Kd4 55. Kc2 Rb7 56. Rg5 Ke4 57. Rxh5 g6 58. Rg5 Rb6 59. Kc3 Rd6 60. Kc4 Rc6+ 61. Kb5 Rd6 62. Kc5 Ra6 63. h5 gxh5 64. Rxh5 Rg6 65. Rg5 Ra6 66. Rg8 Re6 67. Rg7 Ra6 68. Kb5 Rd6 69. Kc4 Rc6+ 70. Kb5 Rc8 71. Re7+ Kf3 72. Rf7 Kg4 73. Rg7+ Kf3 74. Rg5 Ke4 1/2-1/2